| 000 | 00608pam a2200217 i 4500 | ||
|---|---|---|---|
| 001 | 3651443 | ||
| 003 | OSt | ||
| 005 | 20250901165747.0 | ||
| 008 | 760408s1976 nyu 000 1 eng | ||
| 010 | _a 76010720 | ||
| 020 | _a0025445901 | ||
| 040 |
_aDLC _cDLC _dDLC |
||
| 050 | 0 | 0 |
_aPZ 4 .G64145 He 1976 _bHe _aPS3557.O42 |
| 082 | 0 | 0 | _a813/.5/4 |
| 100 | 1 | _aGoldstein, Ruth Tessler. | |
| 245 | 1 | 4 |
_aThe heart is half a prophet / _cRuth Tessler Goldstein. |
| 260 |
_aNew York : _bMacmillan, _cc1976. |
||
| 300 |
_a301 p. ; _c22 cm. |
||
| 906 |
_a7 _bcbc _corignew _d1 _eocip _f19 _gy-gencatlg |
||
| 942 |
_2lcc _cBK |
||
| 999 |
_c8878 _d8878 |
||